000 00336 a2200169 4500
001 185928
020 _a85-294-0132-8
040 _cMagnum
100 _aRegina
240 1 0 _a@Amigos.br
_lpor
245 1 0 _a@Amigos.br
300 _a20
362 0 _a2000
440 1 _aHarbra
697 _aLITERATURA INFANTO-JUVENIL
942 _cBK
999 _c185928
_d185928